| 000 | 00941nam a2200265 a 4500 | ||
|---|---|---|---|
| 001 | 64924 | ||
| 003 | BD-RjUL | ||
| 005 | 20211209081352.0 | ||
| 008 | 170225s1962 enka||| 001 0beng d | ||
| 035 | _a(BD-RjUL)65054 | ||
| 040 |
_aDLC _cDLC _dm.c _dBD-RjUL _beng |
||
| 041 | _aeng | ||
| 082 |
_223 _a968.050924 _bHAS 1962 |
||
| 100 | 1 |
_aHancock, W. K. _q(William Keith), _d1898-1988 . _9192479 |
|
| 245 | 1 | 0 |
_aSmuts / _cW.K. Hancock. |
| 260 |
_aCambridge : _bCambridge University Press, _cc1962. |
||
| 300 |
_a2 v. : _bill. ; _c24 cm. |
||
| 504 | _aBibliography: v. 1, p. 562-593; v. 2, p. 530-566. | ||
| 505 | 0 | _av. 1. The sanguine years, 1870-1919.--v. 2. The fields of force, 1919-1950. | |
| 600 | 1 | 0 |
_aSmuts, Jan Christiaan, _d1870-1950. _9193408 |
| 650 | 0 |
_aStatesmen _zSouth Africa _vBiography. _9192481 |
|
| 651 | 0 |
_aSouth Africa _xHistory _y1836-1909. _9192482 |
|
| 651 | 0 |
_aSouth Africa _xHistory _y1909-1961. _9192483 |
|
| 942 |
_2ddc _cBK |
||
| 999 |
_c64924 _d64924 |
||